| 000 | 00983nas a2200289 4500 | ||
|---|---|---|---|
| 001 | BR2013002456 | ||
| 003 | BR-BrBNA | ||
| 005 | 20231205122133.0 | ||
| 007 | ta | ||
| 008 | 230509b bl.|||p| |||| 00| 00por d | ||
| 040 |
_aBR-BrBNA _bpor _cBiblioteca Nacional de Agricultura |
||
| 041 | _a(Pt) | ||
| 072 | _aQ04; Q02; F04 | ||
| 100 | 1 | _aQuadros, D.A. de | |
| 100 | 1 | _aIung, M.C. | |
| 100 | 1 | _aFerreira, S.M.R. | |
| 100 | 1 | _aFreitas, R.J.S. de | |
| 245 | 1 | _aComposição química de tubérculos de batata para processamento, cultivados sob diferentes doses e fontes de potássio | |
| 650 | _aSOLANUM TUBEROSUM | ||
| 650 | _aVALOR NUTRITIVO | ||
| 650 | _aANÁLISE DE ALIMENTO | ||
| 650 | _aFERTILIZANTE POTÁSSICO | ||
| 773 | 0 |
_tCiência e Tecnologia de Alimentos (Brazil) _xISSN 1678-457X _g(Apr-Jun 2009), V. 29(2) p. 316-323 _wBR2013002456 |
|
| 856 | 4 | 0 | _uhttp://www.scielo.br/pdf/cta/v29n2/13.pdf |
| 909 |
_a202311 _bLúcia _c55 _dLúcia Elande |
||
| 942 |
_2AGRIS _n0 _cANA |
||
| 999 |
_c227099 _d227099 |
||